| 000 | 00613nam a2200205 u 4500 | ||
|---|---|---|---|
| 005 | 20230622063530.0 | ||
| 008 | 140827s2005 ea r 000 0 spa d | ||
| 020 | _a0439764181 | ||
| 035 | _aUPN01000199196 | ||
| 049 | _aI | ||
| 050 | 4 |
_aPZ76.3 _bR9.6 |
|
| 100 | 1 |
_aRyan, Pam Muñoz, _d1951- _930886 |
|
| 245 | 1 | 0 |
_aNacho y Lolita / _cPam Muñoz Ryan ; il. Claudia Rueda ; tr. Miriam Fabiancic. |
| 260 |
_aNew York. : _bScholastic , _c2005. |
||
| 300 |
_a[37] p. : _bil. col. |
||
| 650 | 7 |
_aAves _vCuentos y leyendas _2 _94118 |
|
| 650 | 4 |
_aCuentos infantiles _96744 |
|
| 905 | _aInfantil | ||
| 999 |
_c171297 _d171297 |
||